MDQL
is popping MORE tags! Check the
thread
!
Quizzes
Events
Quiz Creation
Community
Videos
Private Events
Remove Ads
Sign In
Join for FREE
Feedback
Dark Mode
Quiz Categories
Sports
Geography
Music
Movies
Television
Just For Fun
Miscellaneous
History
Literature
Language
Science
Gaming
Entertainment
Religion
Holiday
For Kids
Quiz Lab
Recent
Popular Today
Quiz Kudos Today
Editor Picks
Curator Picks
Quizzes by...
Day
Popularity
Type
Ratings
Length
Year
Community
Subscriptions
Recent Discussions
Orange Saloon
Badges
Playlists
Quests
Create
Leaderboards
Showdown
Live 5
Trivia Bingo
Activity
Puzzle Library
Sporcle Events
Private Events
Virtual Trivia
Globe League
Become a Host
Pub Owners
SporcleCon
Opinionation
Our Games
Videos
Blog
Mobile Apps
Partnerships
Remove Ads and Go Orange
Feedback
Science
Computer
Plants
Astronomy
Chemistry
Elements
Math
Animal
Physics
Anatomy
Biology
Geology
General Science
Science
Computer
Plants
Astronomy
Chemistry
Elements
Math
Animal
Physics
Anatomy
Biology
Geology
General Science
Random Quiz
Search Sporcle
×
Curator Pick
Curator Pick
Science
Biology
Click on regions of an image
Click on regions of an image
Picture Click
Best Score? Go Orange.
Glycolysis Stats
Can you find the substrates and enzymes of glycolysis?
By
tequa
5m
21 Questions
40.6K Plays
40,613 Plays
40,613 Plays
Comments
Comments
Give Quiz Kudos
Give Quiz Kudos
-
- Ratings
hide this ad
Forced Order
Answers have to be entered in order
Answers have to be entered in order
Replay
Link that replays current quiz
Next Quiz
Link to next quiz in quiz playlist
You Got
0%
They Got
Avg Score
80%
Avg Friend Score
Upgrade to see
Score Distribution
Jump to the score distribution portion of the page
Score
0/21
Timer
05:00
33
Plays Today
% Correct
Glucose
91.1%
Hexokinase
89.4%
Pyruvate
89.1%
Glucose 6-phosphate
87.8%
Pyruvate kinase
87.7%
Fructose 6-phosphate
83.6%
Fructose 1,6-bisphosphate
82.9%
PEP
80.8%
2-phosphoglycerate
80.3%
1,3-bisphosphoglycerate
79.6%
PFK-1
79%
% Correct
Dihydroxyacetone phosphate
78.5%
Enolase
78.1%
3-phosphoglycerate
77%
Aldolase
76.5%
Phosphoglycerate mutase
75.8%
Triosephosphate isomerase
75.7%
Glyceraldehyde 3-phosphate
75.4%
Phosphoglucose isomerase
73.3%
Glyceraldehyde 3-P dehydrogenase
73.3%
Phosphoglycerate kinase
70.2%
Quiz Playlist
Details
Report
Send in Message
Add To Playlist
Picture Click:
Click on regions of an image
Forced Order:
Answers have to be entered in order
Last Updated: Jul 18, 2017
Curator Pick in
Biology
Quiz Scoreboard
CHALLENGE
Sign Up to Join the Scoreboard
Show All
Scores
Hide
Comments
May contain spoilers
Recently Published
Street Fighter Characters
by Artimus82
Gaming
60s
9x9 Crossword: Cartoon Network
by jackfrog10
Miscellaneous
3m
College Basketball Coaching Resumes
by pancakes188
Sports
9m
More to Explore
Quiz From the Vault
Featured Blog Post
Where Did the Easter Bunny Come From?
hide this ad
You Might Also Like...
Tags
Biology Quiz
Basic Biology
Enzyme
Glycolysis
Organic Chemistry
substrate
Today's Top Quizzes in Science
Browse Science
hide this ad
Today's Top Quizzes in Biology
Browse Biology
Top Contributed Quizzes in Science
1
Quick Pick: Radians
2
The First 100 Digits of Pi
3
Quick Pick: 'CI-CJ' Animals
4
Elements In Images
5
perfect squares 1-25
6
One Thing in Common: Science
7
One Thing in Common: Science II
8
One Thing in Common: Animals
9
Science Jokes
10
One Thing in Common: Science III
Explore More
Trending Topics
Kpop
Harry Potter
NBA
Crossword
Marvel
Anime
Disney
Soccer
Pokémon
Song
WWE
The Office
NFL
Puzzle
Country
hide this ad
More By:
tequa
Quiz
Plays
Rating
Category
Featured
Created
Glycolysis
40,613
5.00
Science
Jul 10, 2017
Historical Events of 1988
28,571
4.07
History
Dec 14, 2013
Citric Acid Cycle
25,184
4.58
Science
Jul 7, 2017
Go to Creator's Profile
Score Distribution
Quiz Creator Spotlight
tequa
Follow
Send a Message
Quizzes Created
-
Created Quiz Play Count
-
More By This Creator
Popular Quizzes Today
1
Find the US States - No Outlines Minefield
2
Find the Countries of Europe - No Outlines Minefield
3
The Countries of the World
4
Find the US States
5
Risky Map Clicking: Biggest States A-Z
6
US States
7
Popular People in 1961
8
Movies - When Are They Set?
More Science Quizzes
Reptiles of Europe
Published
Trending Quizzes
Risky Map Clicking: Least Populous States A-Z
Countries of the World: 200 Million BC
1-10 Letter G Words
Risky Map Clicking: Next State Alphabetically
Adjectives in 80s TV Shows
Recently Updated
Leaping Animals
pecheneg
Reality TV Shows (A-Z)
bhenderson79
Rickey Henderson's Hall of Fame Teammates
pecheneg
Champions League XIs: Arsenal
pecheneg
Quick Pick: Celebrities in WWE's Hall of Fame
aduchscher
A-Z Keypad Blitz II
pecheneg
Multiple Oscar Actors
pecheneg
Mystery Phrase Blitz: Oscar 'Best Actors'
pecheneg
F. Scott Fitzgerald Novels
LTH
Pick 3 Villains
ddd62291
Trending Topics
Crossword
NBA
Harry Potter
Kpop
Marvel
Anime
Disney
Soccer
Country
Song
NFL
The Office
WWE
Pokémon
Puzzle
Your Account Isn't Verified!
In order to create a playlist on Sporcle, you need to verify the email address you used during registration. Go to your
Sporcle Settings
to finish the process.
Report this User
Report this user for behavior that violates our
Community Guidelines
.
Details:
Send Report
Go to the Sporcle.com Mobile Site →
Comments